000 00684nam a2200241Ia 4500
003 OSt
005 20220925222755.0
006 a|||||r|||| 00| 0
007 ta
008 220923b |||||||| |||| 00| 0 eng d
020 _a0745606733
037 _cGeneral Book
040 _aRTL
_cRTL
_beng
041 _2eng
_aeng
082 _aX0aW, N0
100 _aJanicke Martin
_9288273
245 0 _aState failure
_bThe impotence of politics in industrial society
260 _aLondon
_bPolity Press
_c1990
300 _axi,171p
_ccm.
650 _aEconomics IRT Political Science
942 _hX0aW, N0
_cGB
_2CC
999 _c577744
_d577744